MDQL
is popping MORE tags! Check the
thread
!
Quizzes
Events
Quiz Creation
Community
Videos
Private Events
Remove Ads
Sign In
Join for FREE
Feedback
Dark Mode
Quiz Categories
Sports
Geography
Music
Movies
Television
Just For Fun
Miscellaneous
History
Literature
Language
Science
Gaming
Entertainment
Religion
Holiday
For Kids
Quiz Lab
Recent
Popular Today
Quiz Kudos Today
Editor Picks
Curator Picks
Quizzes by...
Day
Popularity
Type
Ratings
Length
Year
Community
Subscriptions
Recent Discussions
Orange Saloon
Badges
Playlists
Quests
Create
Leaderboards
Showdown
Live 5
Trivia Bingo
Activity
Puzzle Library
Sporcle Events
Private Events
Virtual Trivia
Globe League
Become a Host
Pub Owners
SporcleCon
Opinionation
Our Games
Videos
Blog
Mobile Apps
Partnerships
Remove Ads and Go Orange
Feedback
Sports
Athletes
MLB
NBA
NHL
NFL
Soccer
Sports Teams
WWE
NCAA
Football
Premier League
Basketball
Baseball
Hockey
Golf
Tennis
Cricket
Rugby
Auto Racing
Olympics
World Cup
Sports
Athletes
MLB
NBA
NHL
NFL
Soccer
Sports Teams
WWE
NCAA
Football
Premier League
Basketball
Baseball
Hockey
Golf
Tennis
Cricket
Rugby
Auto Racing
Olympics
World Cup
Random Quiz
Search Sporcle
×
Quiz Lab
Quiz Lab
Sports
Sunderland
Type in answers that appear in a list
Type in answers that appear in a list
Classic
Best Score? Go Orange.
Sunderland Players Former Teams Stats
Can you name the Sunderland Players Former Teams?
By
SporcleEXP
10m
98 Questions
648 Plays
648 Plays
648 Plays
Comments
Comments
Give Quiz Kudos
Give Quiz Kudos
-
- Ratings
hide this ad
Replay
Link that replays current quiz
Next Quiz
Link to next quiz in quiz playlist
You Got
0%
They Got
Avg Score
44%
Avg Friend Score
Upgrade to see
Score Distribution
Jump to the score distribution portion of the page
Score
0/98
Timer
10:00
0
Plays Today
% Correct
Manchester United
98.3%
Manchester United
98.3%
Manchester United
98.3%
Manchester United
98.3%
Hearts
94.4%
Hull City
93.7%
Hull City (loan)
93.7%
Wigan Athletic
88.6%
Wigan Athletic
88.6%
Manchester City
87.7%
West Ham United
86.7%
West Ham United (loan)
86.7%
West Ham United
86.7%
Tottenham Hotspur
86.4%
Tottenham Hotspur (loan)
86.4%
Newcastle United
85.8%
Middlesbrough
84.4%
Middlesbrough (loan)
84.4%
Middlesbrough
84.4%
Middlesbrough (loan)
84.4%
Fulham
81.9%
Internazionale
79.8%
Liverpool
76.9%
Ipswich Town
75.9%
Ipswich Town (loan)
75.9%
Ipswich Town (loan)
75.9%
Chelsea
75.8%
West Bromwich Albion (loan)
73.3%
Lyon
72.2%
Lyon
72.2%
Portsmouth
70.8%
Paris Saint-Germain
68.1%
Paris Saint-Germain
68.1%
% Correct
Aston Villa (loan)
59.9%
Coventry City (loan)
59.9%
Sheffield United (loan)
59.7%
Sheffield United
59.7%
Sheffield United (loan)
59.7%
Sheffield United (loan)
59.7%
Leeds United (loan)
55.9%
Barcelona
54.8%
Leeds United
54.6%
Rangers (loan)
54.3%
Rennes
50.2%
Rennes
50.2%
Cork City
49.1%
Gillingham
46.3%
Marseille
46%
PSV
44.9%
Preston North End (loan)
42.9%
Carlisle United (loan)
42.4%
Carlisle United (loan)
42.4%
Oldham Athletic (loan)
37.5%
Oldham Athletic (loan)
37.5%
Watford (loan)
36.6%
Darlington (loan)
35.8%
Derby County (loan)
32.4%
Brentford (loan)
29%
Brentford
29%
Brentford (loan)
29%
Charlton Athletic
27.3%
Burnley (loan)
23.6%
Udinese
22.5%
Udinese
22.5%
Estudiantes
21.8%
Gateshead (loan)
21.5%
% Correct
Gateshead (loan)
21.5%
Royal Antwerp (loan)
19%
Royal Antwerp (loan)
19%
York City (loan)
15.3%
ENPPI
14.4%
Tranmere Rovers (loan)
13.7%
Tranmere Rovers (loan)
13.7%
Southend United (loan)
12.8%
Doncaster Rovers (loan)
11.9%
Walsall (loan)
9.4%
Cruz Azul
9.3%
Leyton Orient (loan)
8.5%
Leyton Orient (loan)
8.5%
Colchester United (loan)
8.2%
Cowdenbeath (loan)
7.7%
Sint Truiden
6.8%
Le Mans
3.7%
Chievo
2.9%
Modena (loan)
2.2%
Modena (loan)
2.2%
Sedan
2%
Genoa
1.9%
Bellinzona
1.7%
Cremonese
1.4%
Libertad
1.2%
Creteil
0.9%
Larne
0.9%
Tacuary
0.8%
Sportivo San Lorenzo (loan)
0.6%
Requins de L'Atlantique
0.5%
Liberty Professionals
0.5%
Ghazl El-Mehalla
0%
Quiz Playlist
Details
Report
Send in Message
Add To Playlist
Classic:
Type in answers that appear in a list
Last Updated: Feb 16, 2017
Quiz Scoreboard
CHALLENGE
Sign Up to Join the Scoreboard
Show All
Scores
Hide
Comments
May contain spoilers
Recently Published
1-10 Letter E Words III
by El_Dandy
Language
2m
Street Fighter Characters
by Artimus82
Gaming
60s
College Basketball Coaching Resumes
by pancakes188
Sports
9m
More to Explore
Quiz From the Vault
Featured Blog Post
Where Did the Easter Bunny Come From?
hide this ad
You Might Also Like...
Tags
Former
Player
Sunderland
team
Today's Top Quizzes in Sports
Browse Sports
hide this ad
Today's Top Quizzes in Sunderland
Browse Sunderland
Top Contributed Quizzes in Sports
1
2022 World Cup Stars
2
Les meilleurs buteurs des matchs entre le PSG et l’OM
3
FIFA Club World Cup Champions
4
Les entraîneurs de l'OM et du PSG au 21e siècle
5
Criteria MLB: Left Handed Sluggers
6
2023 MLB Unique Player Accomplishments
7
AFC Teams Reveal (Wrong Answers Minefield)
8
Players with Multiple 50 Home Run Seasons
9
5-to-1: FBS Animal Nicknames
10
5-to-1: UK Sports Teams
Explore More
Trending Topics
Crossword
Disney
NBA
Kpop
Marvel
Harry Potter
Anime
Soccer
The Office
WWE
NFL
Country
Puzzle
Pokémon
Song
hide this ad
More By:
SporcleEXP
Quiz
Plays
Rating
Category
Featured
Created
Harry Potter Deaths in Order Minefield
3,068,616
4.18
Literature
Jan 27, 2016
Sins, Dwarfs, and Spice Girls
847,294
4.42
Just For Fun
Apr 11, 2012
Ancient History Bunker
708,234
4.28
History
Jan 20, 2014
Movie Posters VI
679,065
4.37
Movies
Nov 12, 2010
Movie Posters VII
621,887
4.44
Movies
Apr 16, 2011
Go to Creator's Profile
Score Distribution
Quiz Creator Spotlight
SporcleEXP
Follow
Send a Message
Quizzes Created
-
Created Quiz Play Count
-
More By This Creator
Popular Quizzes Today
1
Find the US States - No Outlines Minefield
2
Find the Countries of Europe - No Outlines Minefield
3
The Countries of the World
4
Find the US States
5
Risky Map Clicking: Biggest States A-Z
6
US States
7
Popular People in 1961
8
Movies - When Are They Set?
More Sports Quizzes
Liverpool's Number 9's
Quiz Lab
Trending Quizzes
Risky Map Clicking: Least Populous States A-Z
Billboard Blitz: Aretha Franklin
Famous Russians: Author or Composer?
1-10 Letter G Words
Countries of the World: 200 Million BC
Recently Updated
Leaping Animals
pecheneg
Reality TV Shows (A-Z)
bhenderson79
Rickey Henderson's Hall of Fame Teammates
pecheneg
Champions League XIs: Arsenal
pecheneg
Quick Pick: Celebrities in WWE's Hall of Fame
aduchscher
A-Z Keypad Blitz II
pecheneg
Multiple Oscar Actors
pecheneg
Mystery Phrase Blitz: Oscar 'Best Actors'
pecheneg
F. Scott Fitzgerald Novels
LTH
Pick 3 Villains
ddd62291
Trending Topics
Disney
Marvel
Crossword
Anime
Kpop
NBA
Harry Potter
WWE
Song
The Office
Soccer
Puzzle
Pokémon
Country
NFL
Your Account Isn't Verified!
In order to create a playlist on Sporcle, you need to verify the email address you used during registration. Go to your
Sporcle Settings
to finish the process.
Report this User
Report this user for behavior that violates our
Community Guidelines
.
Details:
Send Report
Go to the Sporcle.com Mobile Site →
Comments